Cuadros estadísticos sobre ingresantes 1987.

Guardado en:
Autor Corporativo: Universidad Nacional del Sur. Secretaría General Académica. Departamento de Estadísticas Universitarias.
Formato: Libro
Idioma:Spanish
Publicado: Bahía Blanca : UNS, 1987.
Etiquetas: Agregar Etiqueta
Sin Etiquetas, Sea el primero en etiquetar este registro!
LEADER 00538nam a22001455a 4500
001 EEA.libagro005373
005 20180704105450.0
008 130809s1987####ag#a##########000#0#spa#d
082 0 4 |a 378.82 
082 0 4 |a 378.105 
110 2 |a Universidad Nacional del Sur.  |b Secretaría General Académica.  |b Departamento de Estadísticas Universitarias. 
245 1 0 |a Cuadros estadísticos sobre ingresantes 1987. 
260 |a Bahía Blanca :  |b UNS,  |c 1987. 
300 |a 1 v. (sin paginar) :  |b il. ;  |c 31 cm. 
859 |a AR-BbBCA  |b BIB. AGRONOMIA  |h 378.82  |i B151-4  |p 1996/2673